00780nam a2200253Ia 4500008004100000040000600041041001200047082001100059082001100070100001800081100002300099100001800122245007700140245001800217260001300235260003500248260000900283300005500292300000900347650003300356942000800389999001900397952011000416141004s9999 xx 000 0 und d ca aEnglish a333.75 bMOH/NA aB Mohan Kumar aBabu C Luckins  aPO Nameer  aNatural resource management : changing scenarios and shifting paradigms  cB Mohan Kumar aMannuthy bKerala Agricultural University c2003 a103p  b24cm aNatural resource management  cBK  c306684d306684 001040708REFaKAUCOFbKAUCOFcKAUl0o333.72pKAU_COF-G-116 r2014-10-04 00:00:00w2014-10-04yBK